[Event "PRO League All Stars St1"]
[Site "chess.com INT"]
[Date "2018.09.08"]
[Round "1"]
[White "Andriasian, Zaven"]
[Black "Vachier-Lagrave, Maxime"]
[Result "0-1"]
[WhiteTitle "GM"]
[BlackTitle "GM"]
[WhiteElo "2603"]
[BlackElo "2780"]
[WhiteTeam "Eastern"]
[BlackTeam "Central"]
[WhiteFideId "13302000"]
[BlackFideId "623539"]
[EventDate "2018.09.08"]

1. e4 c5 2. Nc3 d6 3. g3 g6 4. Bg2 Bg7 5. d3 Nc6 6. Be3 e5 7. Qd2 Be6 8. Nge2
Nd4 9. O-O Ne7 10. Nd5 Nxd5 11. exd5 Bg4 12. Nxd4 cxd4 13. Bh6 O-O 14. Bxg7 Kxg7
15. c3 Qb6 16. Rae1 Qc5 17. cxd4 exd4 18. Re7 Rae8 19. Rfe1 Rxe7 20. Rxe7 Rc8
21. h3 Qc1+ 22. Qxc1 Rxc1+ 23. Kh2 Bf5 24. Rxb7 Bxd3 25. Rb4 Rc4 26. Rxc4 Bxc4
27. Kg1 d3 28. b3 d2 29. Bf3 Bxd5 30. Bd1 Kf6 31. f4 Be6 32. h4 h5 33. Kf2 Bg4
34. Bxg4 hxg4 35. Ke2 Kf5 36. Kxd2 Ke4 37. Ke2 d5 38. b4 Kd4 39. a4 Kc4 40. b5
Kb4 41. f5 Kxa4 42. Ke3 Kxb5 43. Kf4 a5 44. Kg5 a4 45. fxg6 fxg6 46. Kxg6 a3 47.
h5 a2 48. h6 a1=Q 49. h7 Qh8 0-1

[Event "PRO League All Stars St1"]
[Site "chess.com INT"]
[Date "2018.09.08"]
[Round "1"]
[White "Shimanov, Aleksandr"]
[Black "Xiong, Jeffery"]
[Result "1/2-1/2"]
[WhiteTitle "GM"]
[BlackTitle "GM"]
[WhiteElo "2626"]
[BlackElo "2651"]
[WhiteTeam "Atlantic"]
[BlackTeam "Pacific"]
[WhiteFideId "4198603"]
[BlackFideId "2047640"]
[EventDate "2018.09.08"]

1. e4 c5 2. Nf3 d6 3. Nc3 Nf6 4. e5 dxe5 5. Nxe5 a6 6. a4 Qc7 7. Nc4 Be6 8. Be2
Nc6 9. O-O Rd8 10. b3 Nd4 11. Ne3 g6 12. Bc4 Bg7 13. Bxe6 Nxe6 14. Bb2 O-O 15.
d3 b6 16. Re1 Qc6 17. f3 Nh5 18. Rb1 Nhf4 19. Ne2 Bxb2 20. Rxb2 Qd7 21. Nxf4
Nxf4 22. Rb1 Qd4 23. Qd2 b5 24. axb5 axb5 25. Qf2 Ra8 26. Ng4 Ne6 27. Re4 Qxf2+
28. Kxf2 Ra2 29. Ne3 Rd8 30. Re5 Rxd3 31. b4 cxb4 32. Rxb4 Nd4 33. Rxe7 Nxc2 34.
Nxc2 Rxc2+ 35. Re2 Rdd2 36. Rxd2 Rxd2+ 37. Kg3 Rd5 38. Kf4 f5 39. Kg5 Kg7 40. h4
h6+ 41. Kf4 Kf6 42. g4 g5+ 43. hxg5+ hxg5+ 44. Ke3 f4+ 45. Ke4 Ke6 46. Rb1 Kd6
47. Ra1 Re5+ 48. Kd4 Rd5+ 49. Ke4 Re5+ 50. Kd4 Re3 51. Ra6+ Kc7 52. Rg6 Rxf3 53.
Rxg5 Kb6 54. Ke4 Rf1 55. Rg8 b4 56. g5 Ka5 57. g6 Rg1 58. g7 b3 59. Ra8+ Kb4 60.
g8=Q Rxg8 61. Rxg8 b2 62. Kd4 Kb3 63. Rb8+ Kc2 64. Ke4 b1=Q 65. Rxb1 Kxb1 66.
Kxf4 1/2-1/2

[Event "PRO League All Stars St1"]
[Site "chess.com INT"]
[Date "2018.09.08"]
[Round "1"]
[White "Lenic, Luka"]
[Black "Melkumyan, Hrant"]
[Result "0-1"]
[WhiteTitle "GM"]
[BlackTitle "GM"]
[WhiteElo "2656"]
[BlackElo "2660"]
[WhiteTeam "Central"]
[BlackTeam "Eastern"]
[WhiteFideId "14603853"]
[BlackFideId "13302485"]
[EventDate "2018.09.08"]

1. d4 Nf6 2. c4 e6 3. Nc3 Bb4 4. Qc2 d6 5. Bg5 Nbd7 6. e3 c5 7. Ne2 Qa5 8. a3
cxd4 9. Bxf6 Nxf6 10. exd4 O-O 11. Rd1 Bxc3+ 12. Nxc3 b6 13. Bd3 Bb7 14. O-O Qh5
15. Qe2 Qxe2 16. Bxe2 Rfd8 17. d5 exd5 18. cxd5 a6 19. Rd4 Rac8 20. Rfd1 Re8 21.
Kf1 Re5 22. f4 Re3 23. Kf2 Re7 24. Rb4 b5 25. a4 bxa4 26. Rxa4 Rb8 27. Rb4 Rbe8
28. Bf3 g6 29. Rb6 Rd8 30. g4 Kg7 31. g5 Ne8 32. Rd4 Bc8 33. Rb8 Rb7 34. Rxb7
Bxb7 35. Rb4 Rd7 36. Rb6 Rc7 37. Ke3 Bc8 38. Ne4 Bf5 39. Nxd6 Nxd6 40. Rxd6 Rb7
41. Rxa6 Rb3+ 42. Kf2 Rxb2+ 43. Ke3 Rb3+ 44. Kf2 Rb2+ 45. Ke1 Rb3 46. Be2 Rb4
47. d6 Rxf4 48. Rc6 Rd4 49. Kf2 Be4 50. Rb6 Bf5 51. Ke3 Rd5 52. Bf3 Re5+ 53. Kf4
Ra5 54. h4 Ra4+ 55. Ke3 Ra3+ 56. Kf2 Ra2+ 57. Ke3 Ra3+ 58. Kf4 Ra4+ 59. Ke5 Ra5+
60. Bd5 Be6 61. d7 Rxd5+ 62. Ke4 Rxd7 63. Ke5 Bf5 64. Rb5 Re7+ 65. Kf4 Re6 0-1

[Event "PRO League All Stars St1"]
[Site "chess.com INT"]
[Date "2018.09.08"]
[Round "1"]
[White "Meier, Georg"]
[Black "Vidit, Santosh Gujrathi"]
[Result "1/2-1/2"]
[WhiteTitle "GM"]
[BlackTitle "GM"]
[WhiteElo "2639"]
[BlackElo "2711"]
[WhiteTeam "Central"]
[BlackTeam "Eastern"]
[WhiteFideId "4675789"]
[BlackFideId "5029465"]
[EventDate "2018.09.08"]

1. Nf3 d5 2. g3 g6 3. Bg2 Bg7 4. d4 Nf6 5. c4 dxc4 6. Na3 c5 7. O-O O-O 8. dxc5
c3 9. Nb5 Na6 10. Nxc3 Nxc5 11. Be3 Nfe4 12. Nxe4 Nxe4 13. Bd4 Ng5 14. Bxg7
Nxf3+ 15. Bxf3 Kxg7 16. Qb3 Qc7 17. Rac1 Qe5 18. Qc3 Qxc3 19. Rxc3 Rd8 20. Rfc1
Rb8 21. Kf1 Kf8 22. Ke1 b6 23. Rc7 a5 24. a3 Be6 25. h4 Rd6 26. Rd1 Rbd8 27.
Rxd6 Rxd6 28. Rc6 1/2-1/2

[Event "PRO League All Stars St1"]
[Site "chess.com INT"]
[Date "2018.09.08"]
[Round "1"]
[White "Dreev, Aleksey"]
[Black "Iturrizaga Bonelli, Eduardo"]
[Result "1-0"]
[WhiteTitle "GM"]
[BlackTitle "GM"]
[WhiteElo "2649"]
[BlackElo "2636"]
[WhiteTeam "Pacific"]
[BlackTeam "Atlantic"]
[WhiteFideId "4100107"]
[BlackFideId "3901211"]
[EventDate "2018.09.08"]

1. d4 Nf6 2. Nf3 b6 3. c4 Bb7 4. Nc3 e6 5. a3 g6 6. Qc2 d5 7. Bg5 Bg7 8. e3 O-O
9. Be2 dxc4 10. Bxc4 Nbd7 11. Rd1 a6 12. d5 e5 13. O-O h6 14. Bh4 Qe7 15. d6
cxd6 16. Qxg6 Kh8 17. Qf5 Rac8 18. Ba2 Nc5 19. Bd5 Qd7 20. Qxd7 Nfxd7 21. Be7
Rfe8 22. Bxd6 Bxd5 23. Nxd5 e4 24. Nd4 Nd3 25. Ne7 Rc4 26. b3 Rc3 27. Nef5 N7e5
28. h3 Nc6 29. Nxc6 Rxc6 30. f3 Rc3 31. fxe4 Rxb3 32. Rf3 Rxe4 33. Rdf1 Re6 34.
Nxg7 Kxg7 35. Rxf7+ Kg6 36. Bf8 Ne5 37. Rg7+ Kh5 38. Rf5+ Kh4 39. Rf4+ Kh5 40.
Rf5+ Kh4 41. g3+ 1-0

[Event "PRO League All Stars St1"]
[Site "chess.com INT"]
[Date "2018.09.08"]
[Round "1"]
[White "Gupta, Abhijeet"]
[Black "Jones, Gawain C B"]
[Result "1/2-1/2"]
[WhiteTitle "GM"]
[BlackTitle "GM"]
[WhiteElo "2588"]
[BlackElo "2677"]
[WhiteTeam "Eastern"]
[BlackTeam "Central"]
[WhiteFideId "5010608"]
[BlackFideId "409561"]
[EventDate "2018.09.08"]

1. d4 Nf6 2. c4 g6 3. Nc3 Bg7 4. e4 d6 5. f3 O-O 6. Nge2 c5 7. d5 e6 8. Ng3 exd5
9. cxd5 Nh5 10. Nxh5 gxh5 11. Qd2 Qh4+ 12. g3 Qf6 13. Be2 Bh3 14. Qg5 Qg6 15.
Qh4 Bc8 16. O-O Bf6 17. Qf4 Be5 18. Qg5 Bh3 19. Rd1 Nd7 20. Qh4 Be6 21. dxe6
fxe6 22. Qg5 Bd4+ 23. Kg2 a6 24. a4 Rf7 25. Bc4 Re8 26. Ne2 Ne5 27. Qxg6+ hxg6
28. Nxd4 Nxc4 29. Ne2 d5 30. b3 Na5 31. Rb1 Ref8 32. Nf4 dxe4 33. Nxg6 exf3+ 34.
Kf2 Rc8 35. Ne5 Rf5 36. Bf4 Nc6 37. Nxc6 Rxc6 38. Rd8+ Kh7 39. Rbd1 e5 40. R1d7+
Kg6 41. Rg8+ Kf6 42. Be3 b5 43. axb5 axb5 44. Rh8 Ke6 45. Rg7 Kd5 46. Rd8+ Ke4
47. Rd2 Rff6 48. Rgd7 c4 49. bxc4 bxc4 50. Rc2 c3 51. Rd1 Rc4 52. Bg5 Rb6 53. h4
Rb2 54. Rxb2 cxb2 55. Re1+ Kd3 56. Kxf3 e4+ 57. Kg2 Rc2+ 58. Kh3 Re2 59. Rb1 Kc2
60. Rxb2+ Kxb2 61. g4 hxg4+ 62. Kxg4 Kc3 63. h5 Kd3 64. h6 Rg2+ 65. Kf5 Rh2 66.
Kg6 Rg2 67. h7 Rh2 68. Bh6 Rg2+ 69. Kf6 e3 70. h8=Q e2 71. Qd8+ Ke4 72. Qe7+ Kf3
73. Qe3+ Kg4 74. Qe4+ Kh3 75. Qf3+ Kh2 76. Bf4+ Kg1 77. Be3+ Kh2 78. Bf2 Kh1 79.
Qh3+ Rh2 80. Qf3+ Rg2 81. Qxe2 Rxf2+ 82. Qxf2 1/2-1/2

[Event "PRO League All Stars St1"]
[Site "chess.com INT"]
[Date "2018.09.08"]
[Round "1"]
[White "Smirnov, Anton"]
[Black "Le, Quang Liem"]
[Result "1-0"]
[WhiteTitle "GM"]
[BlackTitle "GM"]
[WhiteElo "2549"]
[BlackElo "2715"]
[WhiteTeam "Pacific"]
[BlackTeam "Atlantic"]
[WhiteFideId "3208923"]
[BlackFideId "12401137"]
[EventDate "2018.09.08"]

1. e4 c6 2. d4 d5 3. Nc3 dxe4 4. Nxe4 Nd7 5. Bd3 Ngf6 6. Ng5 e6 7. N1f3 Bd6 8.
Qe2 h6 9. Ne4 Nxe4 10. Qxe4 Nf6 11. Qe2 b6 12. O-O O-O 13. Ne5 Qc7 14. Bf4 Bb7
15. Rad1 Rad8 16. Bg3 c5 17. dxc5 Qxc5 18. Ng4 Nh5 19. Bxd6 Rxd6 20. Qe5 Rfd8
21. Qxc5 bxc5 22. Ne3 Nf4 23. Rc1 g5 24. Rfd1 Kg7 25. Bf1 f5 26. g3 Ng6 27. Rxd6
Rxd6 28. Rd1 Rxd1 29. Nxd1 Kf6 30. Nc3 Ke5 31. Be2 g4 32. Kf1 Bc6 33. Ke1 h5 34.
Kd2 h4 35. a3 a5 36. Nd1 h3 37. Ne3 a4 38. b3 Kd6 39. Nc4+ Kc7 40. Nb2 axb3 41.
cxb3 Ne5 42. Nd3 Nd7 43. Nf4 Kd6 44. Bc4 e5 45. Ne2 Nf6 46. Nc3 f4 47. Be2 Ke6
48. b4 1-0

[Event "PRO League All Stars St1"]
[Site "chess.com INT"]
[Date "2018.09.08"]
[Round "2"]
[White "Vachier-Lagrave, Maxime"]
[Black "Dreev, Aleksey"]
[Result "1/2-1/2"]
[WhiteTitle "GM"]
[BlackTitle "GM"]
[WhiteElo "2780"]
[BlackElo "2649"]
[WhiteTeam "Central"]
[BlackTeam "Pacific"]
[WhiteFideId "623539"]
[BlackFideId "4100107"]
[EventDate "2018.09.08"]

1. b3 d5 2. Bb2 c6 3. e3 Bf5 4. Nf3 Nf6 5. Be2 Nbd7 6. O-O h6 7. c4 e6 8. Nc3
Be7 9. d4 O-O 10. a3 a5 11. c5 Ne4 12. b4 b5 13. Nd2 Nxd2 14. Qxd2 Qc7 15. f4
Nf6 16. Bf3 axb4 17. axb4 Rxa1 18. Rxa1 Qb7 19. Qd1 Ra8 20. g4 Be4 21. Bxe4 Nxe4
22. Nxe4 dxe4 23. Qc2 Rxa1+ 24. Bxa1 Qa8 25. Bc3 Qa3 26. Kf1 g6 27. Ke2 f5 28.
Kd2 Kf7 29. h3 Bf6 30. Qb1 Ke7 31. Kc2 Kf7 1/2-1/2

[Event "PRO League All Stars St1"]
[Site "chess.com INT"]
[Date "2018.09.08"]
[Round "2"]
[White "Iturrizaga Bonelli, Eduardo"]
[Black "Andriasian, Zaven"]
[Result "1/2-1/2"]
[WhiteTitle "GM"]
[BlackTitle "GM"]
[WhiteElo "2636"]
[BlackElo "2603"]
[WhiteTeam "Atlantic"]
[BlackTeam "Eastern"]
[WhiteFideId "3901211"]
[BlackFideId "13302000"]
[EventDate "2018.09.08"]

1. Nf3 d5 2. c4 d4 3. g3 Nc6 4. Bg2 e5 5. O-O Nf6 6. e3 Be7 7. exd4 exd4 8. d3
h6 9. a3 a5 10. Nbd2 Bf5 11. Qb3 Rb8 12. Re1 O-O 13. Ne5 Bd6 14. Nxc6 bxc6 15.
Qc2 c5 16. Nb3 c6 17. Bd2 Qb6 18. Nxa5 Qxb2 19. Qxb2 Rxb2 20. Bc1 Rc2 21. Nb7
Bc7 22. Nxc5 Ng4 23. Bh3 Ba5 24. Bxg4 Bxg4 25. Re4 f5 26. Re7 Bd8 27. Re1 Ba5
28. Re7 Bf3 29. Ne6 Re2 30. Bf4 Rf7 31. Re8+ Kh7 32. Nf8+ Kg8 33. Ne6+ Kh7 34.
Nf8+ Kg8 35. Ne6+ Kh7 36. Nf8+ 1/2-1/2

[Event "PRO League All Stars St1"]
[Site "chess.com INT"]
[Date "2018.09.08"]
[Round "2"]
[White "Vidit, Santosh Gujrathi"]
[Black "Shimanov, Aleksandr"]
[Result "0-1"]
[WhiteTitle "GM"]
[BlackTitle "GM"]
[WhiteElo "2711"]
[BlackElo "2626"]
[WhiteTeam "Eastern"]
[BlackTeam "Atlantic"]
[WhiteFideId "5029465"]
[BlackFideId "4198603"]
[EventDate "2018.09.08"]

1. e4 c6 2. d4 d5 3. exd5 cxd5 4. Bd3 Nc6 5. c3 Nf6 6. Bf4 Bg4 7. Qb3 Qd7 8. Nd2
e6 9. Ngf3 Bxf3 10. Nxf3 Bd6 11. Bxd6 Qxd6 12. Qxb7 Rb8 13. Qa6 O-O 14. Bb5 Rb6
15. Qa4 Rfb8 16. Bxc6 Rxc6 17. Ne5 Rcb6 18. Nd3 Ne4 19. O-O Nd2 20. Rfe1 Nc4 21.
Re2 Nxb2 22. Nxb2 Rxb2 23. Rxb2 Rxb2 24. Qxa7 g6 25. g3 Qc6 26. Qa3 Qb5 27. Rc1
Qe2 28. Rf1 Rxa2 29. Qc5 Rc2 30. Qc7 Kg7 31. h4 h5 32. Qc5 Qf3 33. Qc7 Rxc3 34.
Qe5+ Qf6 35. Rb1 Rd3 36. Rb4 Rd1+ 37. Kg2 Rd2 38. Ra4 Rxf2+ 0-1

[Event "PRO League All Stars St1"]
[Site "chess.com INT"]
[Date "2018.09.08"]
[Round "2"]
[White "Melkumyan, Hrant"]
[Black "Lenderman, Aleksandr"]
[Result "1-0"]
[WhiteTitle "GM"]
[BlackTitle "GM"]
[WhiteElo "2660"]
[BlackElo "2630"]
[WhiteTeam "Eastern"]
[BlackTeam "Atlantic"]
[WhiteFideId "13302485"]
[BlackFideId "2021285"]
[EventDate "2018.09.08"]

1. e4 e5 2. Nf3 Nf6 3. Nxe5 d6 4. Nf3 Nxe4 5. Nc3 Nxc3 6. dxc3 Be7 7. Be3 O-O 8.
Qd2 Nd7 9. O-O-O c6 10. Kb1 d5 11. c4 Nf6 12. Bd3 dxc4 13. Bxc4 Qxd2 14. Rxd2
Bf5 15. Nd4 Be4 16. f3 Bd5 17. Be2 Bb4 18. c3 Ba5 19. Nf5 Rfe8 20. Bd4 Bb6 21.
Rhd1 Bxd4 22. Nxd4 g6 23. Bf1 Be6 24. a3 Rad8 25. Nxe6 Rxd2 26. Rxd2 Rxe6 27.
Bc4 Re7 28. b4 Kg7 29. Kc2 Nd7 30. a4 Ne5 31. Bb3 g5 32. a5 Ng6 33. Bc4 a6 34.
Bd3 Nf4 35. Bf5 Nd5 36. Be4 Ne3+ 37. Kb3 f5 38. Bb1 f4 39. Be4 Nf1 40. Rd1 Ne3
41. Rd2 Nf1 42. Rd1 Ne3 43. Rg1 Rd7 44. g3 Kf6 45. gxf4 gxf4 46. Rg8 Rd2 47. Rb8
Rxh2 48. Rxb7 h5 49. Rb6 h4 50. Rxc6+ Kg5 51. Rxa6 h3 52. Ra8 Kh4 53. a6 Rh1 54.
a7 Ra1 55. Rh8+ Kg3 56. a8=Q Rxa8 57. Bxa8 h2 58. b5 Ng2 59. Rxh2 1-0

[Event "PRO League All Stars St1"]
[Site "chess.com INT"]
[Date "2018.09.08"]
[Round "2"]
[White "Le, Quang Liem"]
[Black "Gupta, Abhijeet"]
[Result "1/2-1/2"]
[WhiteTitle "GM"]
[BlackTitle "GM"]
[WhiteElo "2715"]
[BlackElo "2588"]
[WhiteTeam "Atlantic"]
[BlackTeam "Eastern"]
[WhiteFideId "12401137"]
[BlackFideId "5010608"]
[EventDate "2018.09.08"]

1. c4 Nf6 2. g3 c6 3. Nf3 d5 4. b3 d4 5. e3 c5 6. exd4 cxd4 7. Bg2 g6 8. d3 Bg7
9. O-O O-O 10. b4 Nfd7 11. Nbd2 Nc6 12. Rb1 Nce5 13. Nxe5 Nxe5 14. Ne4 Bf5 15.
Re1 Qc7 16. Bf4 Rad8 17. Nc5 b6 18. Na6 Qc8 19. Bxe5 Bxe5 20. Rxe5 Qxa6 21. Rxe7
Qxa2 22. Ra1 Qb2 23. Raxa7 Rde8 24. b5 Qb4 25. Re2 Qc3 26. Rd2 Bxd3 27. Bc6 Re5
28. Kg2 Bxc4 29. Rxd4 Be2 30. Qd2 Qxd2 31. Rxd2 Bxb5 32. Bxb5 Rxb5 33. Rb7 h5
34. Rd6 Kg7 35. Rdxb6 Rxb6 36. Rxb6 Re8 1/2-1/2

[Event "PRO League All Stars St1"]
[Site "chess.com INT"]
[Date "2018.09.08"]
[Round "2"]
[White "Jones, Gawain C B"]
[Black "Smirnov, Anton"]
[Result "1-0"]
[WhiteTitle "GM"]
[BlackTitle "GM"]
[WhiteElo "2677"]
[BlackElo "2549"]
[WhiteTeam "Central"]
[BlackTeam "Pacific"]
[WhiteFideId "409561"]
[BlackFideId "3208923"]
[EventDate "2018.09.08"]

1. e4 e5 2. Nf3 Nf6 3. d4 Nxe4 4. Bd3 d5 5. Nxe5 Nd7 6. O-O Nxe5 7. dxe5 Nc5 8.
Be3 Nxd3 9. Qxd3 Be7 10. Nc3 c6 11. f4 g6 12. Ne2 Bf5 13. Qb3 Qd7 14. h3 Be6 15.
Qc3 c5 16. Rad1 Qc6 17. Bf2 d4 18. Qe1 Qe4 19. Ng3 Qxe1 20. Rfxe1 O-O-O 21. Ne4
b6 22. b3 Rd7 23. Rd3 Rhd8 24. c4 dxc3 25. Rxc3 Kb7 26. Re2 a5 27. Kh2 Rd3 28.
Rxd3 Rxd3 29. Nf6 h5 30. Bh4 Ka6 31. Bg5 c4 32. bxc4 Bxc4 33. Rc2 b5 34. Ne4 Ba3
35. g4 hxg4 36. hxg4 Re3 37. Nd6 Bd5 38. Ne8 Kb7 39. Nd6+ Bxd6 40. exd6 Bc6 41.
Bd8 a4 42. Rd2 Bd7 43. Ba5 Re4 44. Kg3 g5 45. f5 Re3+ 46. Kf2 Re4 47. Kf3 Rf4+
48. Kg3 Re4 49. Rd3 Kc6 50. a3 Re5 51. Bb4 Re4 52. Rc3+ Rc4 53. Re3 Rd4 54. Re7
f6 55. Re3 Kd5 56. Bc3 Rc4 57. Bxf6 b4 58. axb4 Rxb4 59. Bxg5 Rb8 60. Bf6 Ra8
61. Bb2 Rb8 62. Bc1 Rb1 63. Ba3 Rg1+ 64. Kf4 Kd4 65. Rg3 Rf1+ 66. Kg5 Ke4 67.
Kf6 Rb1 68. Ke7 Rb7 69. Kf6 Rb8 70. Rg1 Rb3 71. Ke7 Rb7 72. Re1+ Kf3 73. f6 Bb5+
74. Kf8 Kxg4 75. Re7 Rb8+ 76. Kg7 Bc4 77. d7 Rd8 78. f7 Bxf7 79. Kxf7 Kf5 80.
Bd6 a3 81. Bxa3 Rh8 82. Bd6 Rh7+ 83. Kg8 1-0

[Event "PRO League All Stars St1"]
[Site "chess.com INT"]
[Date "2018.09.08"]
[Round "2"]
[White "Xiong, Jeffery"]
[Black "Meier, Georg"]
[Result "1/2-1/2"]
[WhiteTitle "GM"]
[BlackTitle "GM"]
[WhiteElo "2651"]
[BlackElo "2639"]
[WhiteTeam "Pacific"]
[BlackTeam "Central"]
[WhiteFideId "2047640"]
[BlackFideId "4675789"]
[EventDate "2018.09.08"]

1. e4 e6 2. d4 d5 3. exd5 exd5 4. Nf3 c6 5. Bd3 Bd6 6. O-O Ne7 7. b3 Bg4 8. c4
h6 9. Nc3 O-O 10. h3 Bh5 11. Re1 Nd7 12. cxd5 Nxd5 13. Nxd5 cxd5 14. Bf5 Re8 15.
Be3 Nf8 16. Rc1 Bg6 17. Qd3 Bxf5 18. Qxf5 Qd7 19. Nh4 Rad8 20. Qxd7 Rxd7 21. Nf5
Ne6 22. Kf1 h5 23. Rc2 Bf8 24. Ng3 g6 25. Ne2 Bg7 26. Rec1 Bf6 27. g4 hxg4 28.
hxg4 Kf8 29. Kg2 Ke7 30. f4 Rh8 31. Re1 Rc7 32. Rxc7+ Nxc7 33. f5 gxf5 34. gxf5
Kd7 35. Bf4 Re8 36. Bxc7 Kxc7 37. Kf3 Re4 38. Rh1 Bxd4 39. Nxd4 Rxd4 40. Rh7 Rd2
41. Rxf7+ Kc6 42. f6 Rxa2 43. Re7 Ra1 44. Kf2 Ra2+ 45. Kf3 Ra1 46. Kf2 Ra2+ 47.
Kf3 Ra1 1/2-1/2

[Event "PRO League All Stars St1"]
[Site "chess.com INT"]
[Date "2018.09.08"]
[Round "3"]
[White "Lenic, Luka"]
[Black "Iturrizaga Bonelli, Eduardo"]
[Result "0-1"]
[WhiteTitle "GM"]
[BlackTitle "GM"]
[WhiteElo "2656"]
[BlackElo "2636"]
[WhiteTeam "Central"]
[BlackTeam "Atlantic"]
[WhiteFideId "14603853"]
[BlackFideId "3901211"]
[EventDate "2018.09.08"]

1. d4 Nf6 2. c4 e6 3. Nc3 Bb4 4. Qc2 c5 5. dxc5 O-O 6. Nf3 Na6 7. g3 Nxc5 8. Bg2
b6 9. O-O Bb7 10. Nb5 Be4 11. Qd1 Nb7 12. Bf4 a6 13. Nd6 Nxd6 14. Bxd6 Bxd6 15.
Qxd6 Qc8 16. Rac1 Qb7 17. Nh4 Bxg2 18. Nxg2 Rfc8 19. Qd3 b5 20. Ne3 Rc5 21. cxb5
Rxb5 22. b3 h6 23. Rc2 a5 24. Rfc1 Ne8 25. Rc4 d5 26. R4c2 a4 27. bxa4 Rba5 28.
Qb3 Qa6 29. Ng4 Rxa4 30. Ne5 Rxa2 31. Rxa2 Qxa2 32. Qb7 Nd6 33. Qc7 Rc8 34.
Qxc8+ Nxc8 35. Rxc8+ Kh7 36. Nxf7 Qxe2 37. f4 d4 38. Rh8+ Kg6 39. Ne5+ Kf5 40.
Rd8 Ke4 41. Rd7 g5 0-1

[Event "PRO League All Stars St1"]
[Site "chess.com INT"]
[Date "2018.09.08"]
[Round "3"]
[White "Lenderman, Aleksandr"]
[Black "Vachier-Lagrave, Maxime"]
[Result "0-1"]
[WhiteTitle "GM"]
[BlackTitle "GM"]
[WhiteElo "2630"]
[BlackElo "2780"]
[WhiteTeam "Atlantic"]
[BlackTeam "Central"]
[WhiteFideId "2021285"]
[BlackFideId "623539"]
[EventDate "2018.09.08"]

1. d4 Nf6 2. c4 g6 3. Nc3 d5 4. Bg5 Ne4 5. Bf4 Bg7 6. Nxd5 Na6 7. Nc3 Nxc3 8.
bxc3 c5 9. e3 O-O 10. Nf3 Qa5 11. Qd2 Rd8 12. Be2 Bg4 13. Bg3 Rac8 14. Rc1 e6
15. h3 Bxf3 16. Bxf3 Rd7 17. d5 Qa4 18. Qe2 e5 19. O-O Nc7 20. e4 h5 21. Qc2
Qxc2 22. Rxc2 Ne8 23. Be2 Nd6 24. f3 Re8 25. Bd3 Bh6 26. Bf2 b6 27. a4 f5 28. a5
Rf7 29. axb6 axb6 30. Rb1 fxe4 31. fxe4 Nc8 32. Bg3 Be3+ 33. Kh1 g5 34. Re2 Bf4
35. Bf2 g4 36. g3 Bg5 37. hxg4 hxg4 38. Kg2 Ree7 39. Be3 Bxe3 40. Rxe3 Ra7 41.
Rb2 Ra1 42. Rf2 Nd6 43. Rxf7 Kxf7 44. Be2 Ra2 45. Kf1 Kf6 46. Bxg4 Nxc4 47. Rd3
Ke7 48. Be2 Nd2+ 49. Ke1 Nxe4 50. Re3 Ng5 51. Rxe5+ Kf6 52. Re3 Ra8 53. c4 Rd8
54. Rb3 Rd6 55. Kd2 Ke5 56. Ke3 Ne4 57. g4 Rh6 58. Bf3 Ng5 59. Bg2 Rh2 60. Kf2
Kf4 61. Kg1 Rh6 62. Rd3 Rd6 63. Kf2 Kxg4 64. Re3 Kf4 65. Re8 Nf7 66. Rf8 Rf6 67.
d6 Ke5+ 68. Kg3 Nxd6 69. Rb8 Nxc4 70. Re8+ Kd4 71. Re4+ Kc3 72. Re8 b5 73. Rc8
Rg6+ 74. Kf2 Rg5 75. Bc6 b4 76. Bb5 b3 77. Bxc4 Kxc4 0-1

[Event "PRO League All Stars St1"]
[Site "chess.com INT"]
[Date "2018.09.08"]
[Round "3"]
[White "Smirnov, Anton"]
[Black "Vidit, Santosh Gujrathi"]
[Result "1/2-1/2"]
[WhiteTitle "GM"]
[BlackTitle "GM"]
[WhiteElo "2549"]
[BlackElo "2711"]
[WhiteTeam "Pacific"]
[BlackTeam "Eastern"]
[WhiteFideId "3208923"]
[BlackFideId "5029465"]
[EventDate "2018.09.08"]

1. d4 Nf6 2. Nf3 d5 3. c3 Bf5 4. Bf4 e6 5. e3 Bd6 6. Bxd6 Qxd6 7. Nbd2 O-O 8.
Be2 c5 9. O-O Nc6 10. a3 h6 11. b4 c4 12. a4 a6 13. Qc1 b5 14. Qb2 Rfb8 15. axb5
axb5 16. Rxa8 Rxa8 17. Ra1 Qb8 18. Ra3 Nd7 19. Qa1 Rxa3 20. Qxa3 Qa7 21. Qc1 Qa2
22. Ne1 Nb6 23. Bd1 Na4 24. f3 e5 25. e4 exd4 26. exf5 Nxc3 27. f6 Nxb4 28. Nf1
Qb1 29. Qf4 Qxd1 30. Qg4 g5 31. Qc8+ Kh7 32. Qf5+ Kg8 33. Qc8+ Kh7 34. Qf5+ Kg8
35. Qc8+ 1/2-1/2

[Event "PRO League All Stars St1"]
[Site "chess.com INT"]
[Date "2018.09.08"]
[Round "3"]
[White "Meier, Georg"]
[Black "Le, Quang Liem"]
[Result "0-1"]
[WhiteTitle "GM"]
[BlackTitle "GM"]
[WhiteElo "2639"]
[BlackElo "2715"]
[WhiteTeam "Central"]
[BlackTeam "Atlantic"]
[WhiteFideId "4675789"]
[BlackFideId "12401137"]
[EventDate "2018.09.08"]

1. Nf3 c5 2. c4 Nc6 3. Nc3 Nf6 4. g3 g6 5. Bg2 d6 6. d4 cxd4 7. Nxd4 Bd7 8. Nc2
Bg7 9. O-O h5 10. h4 Qc8 11. b3 Bh3 12. Bb2 O-O 13. Ne3 Bxg2 14. Kxg2 Re8 15.
Qd2 Ne5 16. Rac1 b6 17. Ncd5 Qb7 18. f3 Nfd7 19. f4 e6 20. fxe5 Nxe5 21. Bxe5
dxe5 22. a4 Bh6 23. Rcd1 Rad8 24. Kf2 exd5 25. cxd5 Rd6 26. Qd3 Red8 27. Qe4
Bxe3+ 28. Kxe3 Rxd5 29. Rxd5 Qxd5 30. Qxd5 Rxd5 31. Rc1 Rd4 32. Kf3 Rb4 33. Rc3
Kg7 34. e4 a5 35. Ke3 f5 36. exf5 gxf5 37. Kf3 Kf6 38. Rc6+ Kf7 39. Rh6 Rxb3+
40. Kf2 Rb4 41. Rxh5 Kg6 42. Rg5+ Kf6 43. Rh5 e4 44. Rh6+ Ke5 45. h5 Rb2+ 46.
Kf1 e3 47. Rg6 Ke4 48. Rg5 Rf2+ 49. Ke1 Rh2 50. Kf1 e2+ 51. Ke1 Ke3 0-1

[Event "PRO League All Stars St1"]
[Site "chess.com INT"]
[Date "2018.09.08"]
[Round "3"]
[White "Dreev, Aleksey"]
[Black "Melkumyan, Hrant"]
[Result "1-0"]
[WhiteTitle "GM"]
[BlackTitle "GM"]
[WhiteElo "2649"]
[BlackElo "2660"]
[WhiteTeam "Pacific"]
[BlackTeam "Eastern"]
[WhiteFideId "4100107"]
[BlackFideId "13302485"]
[EventDate "2018.09.08"]

1. d4 Nf6 2. Nf3 d5 3. c4 e6 4. Nc3 a6 5. cxd5 exd5 6. Qb3 c6 7. Bg5 Be7 8. e3
O-O 9. Bd3 Nbd7 10. Qc2 Re8 11. h3 Nf8 12. Bf4 Ng6 13. Bh2 Bd6 14. Bxd6 Qxd6 15.
O-O-O b5 16. Kb1 Be6 17. g4 Rac8 18. Ng5 c5 19. Nxe6 Rxe6 20. Bf5 cxd4 21. Rxd4
Ne7 22. Bxe6 fxe6 23. Rhd1 Nc6 24. Ne4 Nxe4 25. Rxe4 Qd7 26. Qd2 a5 27. Rf4 Ne5
28. Qxa5 Nc4 29. Qb4 h6 30. a3 Ra8 31. Rfd4 Nd6 32. f3 Ra4 33. Qb3 Nc4 34. e4
Kh8 35. exd5 e5 36. R4d3 Nd6 37. Rc3 Rf4 38. Rc6 Nc4 39. Rc5 Kh7 40. Rxb5 Rxf3
41. Qxc4 Rf4 42. Qc2+ 1-0